| 000 -ლიდერი |
| ფიქსირებული სიგრძის საკონტროლო ველი |
01277nam a2200241Ia 4500 |
| 001 - საკონტროლო ნომერი |
| საკონტროლო ველი |
5642 |
| 003 - საკონტროლო ნომრის იდენტიფიკატორი |
| საკონტროლო ველი |
GE_BSU |
| 005 - ბოლო ოპერაციის თარიღი და დრო |
| საკონტროლო ველი |
20191024113304.0 |
| 008 - ფიქსირებული სიგრძის მონაცემთა ელემენტები - ზოგადი ინფორმაცია |
| ფიქსირებული სიგრძის საკონტროლო ველი |
181216s2012||||ge |||||||||||||| ||geo|| |
| 040 ## - კატალოგიზაციის წყარო |
| Transcribing agency |
GE_BSU |
| 041 ## - ენის კოდი |
| Language code of text/sound track or separate title |
geo |
| 080 ## - უნივერსალური ათობითი კლასიფიკაციის ინდექსი |
| Universal Decimal Classification number |
008(479.22) ფ-38 |
| 100 ## - მთავარი ჩანაწერი - პიროვნების სახელი |
| Personal name |
ფეიქრიშვილი, ჟუჟუნა |
| 9 (RLIN) |
4824 |
| 245 ## - ცნობა სათაურის შესახებ |
| Title |
მასალები საზღვარგარეთული ქართველოლოგიის ისტორიისათვის=Materials for the history of international kartvelian studies : |
| Remainder of title |
წ. 1 / |
| Statement of responsibility, etc |
ჟუჟუნა ფეიქრიშვილი, ივეტა ვაშაკიძე; რედ. რუსუდან ზექალაშვილი. |
| 264 ## - წარმოების, გამოცემის, დისტრიბუციის და სხვა ცნობები |
| გამოცემის, წარმოების, დისტრიბუციის... ადგილი |
თბილისი : |
| გამოცემის, წარმოების, დისტრიბუციის... სახელწოდება |
უნივერსალი, |
| გამოცემის, წარმოების, დისტრიბუციის... თარიღი |
2012. |
| 300 ## - ფიზიკური აღწერა |
| Extent |
243 გვ.; |
| Other physical details |
20 სმ. |
| 504 ## - BIBLIOGRAPHY, ETC. NOTE |
| Bibliography, etc |
ბიბლიოგრ.: გვ. 326-340. |
| 520 ## - SUMMARY, ETC. |
| Summary, etc |
პარალ. თავფურ. და რეზ. ინგლ. |
| 653 ## - INDEX TERM--UNCONTROLLED |
| Uncontrolled term |
ქართველოლოგია |
| 700 ## - ADDED ENTRY--PERSONAL NAME |
| Personal name |
ვაშაკიძე, ივეტა |
| Relator term |
ავტორი |
| 9 (RLIN) |
4983 |
| 700 ## - ADDED ENTRY--PERSONAL NAME |
| Personal name |
ზექალაშვილი, რუსუდან |
| Relator term |
რედაქტორი |
| 9 (RLIN) |
4984 |
| 942 ## - ADDED ENTRY ELEMENTS (KOHA) |
| Koha item type |
წიგნი |
| Source of classification or shelving scheme |
|